000
00207nam a2200085Ia 4500
008
200302s9999 xx 000 0 und d
100
_a
Tim Benton
245
_a
The Bauhavs in Design
260
_b
Open university Press
999
_c
547
_d
547